[Event "Amsterdam Euwe Memorial"]
[Site "Amsterdam"]
[Date "1996.03.30"]
[Round "7"]
[White "Gelfand, Boris"]
[Black "Piket, Jeroen"]
[Result "1-0"]
[WhiteElo "2700"]
[BlackElo "2570"]
[Annotator "Gelfand,B"]
[PlyCount "61"]
[EventDate "1996.03.22"]
[EventType "tourn"]
[EventRounds "9"]
[EventCountry "NED"]
[EventCategory "18"]
[SourceTitle "CBM 052"]
[Source "ChessBase"]
[SourceDate "1996.06.01"]
[SourceVersion "1"]
[SourceVersionDate "1996.06.01"]
[SourceQuality "1"]

1. d4 {Ftacnik Mowsziszian,K Bohm Shulman} d5 2. c4 c6 3. Nc3 e6 4. Nf3 (4. e3
{Mowsziszian,K} f5 {Ibragimov,I-Popov,Val/St.Petersburg op-Petrov (03) ;CBM 52/
}) 4... dxc4 5. a4 (5. e4 {Mowsziszian,K} b5 6. a4 Bb4) 5... Bb4 6. e3 b5 7.
Bd2 a5 8. axb5 Bxc3 9. Bxc3 cxb5 10. b3 Bb7 (10... b4 $2 {Mowsziszian,K} 11.
Bxb4) 11. d5 (11. bxc4 {Mowsziszian,K} b4 12. Bb2 {Van der Werf,M-Hansen,Cu/
Reykjavik op (03) ;CBM 52/1996/1/2-1/2/}) 11... Nf6 12. bxc4 b4 (12... bxc4 13.
Qa4+ $1 Qd7 14. dxe6 fxe6 15. Bxc4 $16) 13. Bxf6 Qxf6 14. Qa4+ Nd7 15. Nd4 e5 (
15... exd5 16. c5 $16) 16. Nb3 Ke7 17. Be2 (17. Nxa5 Qb6 $17) 17... Rhc8 (17...
Rhb8) (17... Qd6 $5 18. f4 {Shulman,Y-San Segundo,P/Pamplona 9596 (05) ;CBM 52/
1996/1-0/50/}) 18. Rd1 $146 (18. Bg4 Qd6 19. Nxa5 Rxa5 20. Qxa5 Ra8 21. Qxa8
Bxa8 22. Rxa8 Qg6 $13 {Shulman-Ivanov,V/Moscow5/1995/1/2-1/2/ ;CBM 49}) 18...
Nc5 (18... Qd6 19. f4 $5 $13 (19. O-O Nb6 (19... Nc5 {Ftacnik} 20. Nxc5 Rxc5)
20. Qa1 (20. Qb5 Ba6 21. c5 Rxc5 22. Qxc5 Bxe2 $17 (22... Qxc5 23. Nxc5 Bxe2
24. d6+ Kd8)) 20... Nxc4 (20... Nd7 $5 21. f4 a4 22. Nd2 $13) (20... Rxc4 $5)
21. Bxc4 Rxc4 22. Nxa5 Rc3 (22... Rc5 23. Nxb7 Rxa1 24. Rxa1 Qxd5 25. Nxc5 Qxc5
26. Rfb1 $16) 23. Nxb7 Rxa1 24. Nxd6 Rxd1 25. Nf5+ Kf6 (25... Kd7 $2 26. Rxd1
b3 27. Ng3 $1 b2 28. Ne2 Ra3 29. Rb1 Ra1 30. Nc3 Ra3 31. Rxb2 Rxc3 32. Kf1 $16)
26. Rxd1 Kxf5 $10) (19. Nxa5 Qb6 20. Bg4 Nc5 21. Qa1 Qxa5 22. Qxe5+ Kf8 $13)) (
18... Nb6 19. Qb5 Ba6 20. d6+ $16) 19. Nxc5 (19. d6+ Kf8 20. Qb5 Bc6 (20...
Nxb3 21. Qxb7 Nc5 $13) 21. Qxc5 Bxg2 $17) 19... Rxc5 20. O-O Ra6 $2 (20... Qd6
21. Qc2 $5 (21. f4 {Shulman+San Segundo,9596}) (21. f4 $36)) (20... Rd8 21. f4
exf4 22. Rxf4 Qe5 23. Rdf1 Qxe3+ 24. Kh1 f6 25. Qc2 Bxd5 26. Qxh7 Bxg2+ 27.
Kxg2 Qxe2+ 28. Kh1 Rd1 $140 29. Re4+) (20... Re8 21. f4 exf4 (21... e4 22. Bg4
Kf8 23. Bd7 Rd8 24. Bb5 $13) 22. Rxf4 Qe5 23. Rdf1 Qxe3+ 24. Kh1 f6 (24... Kd6
25. Rxf7) 25. Qc2 Kd6 26. Qxh7 Qxe2 27. Qxg7) (20... Kf8 $1 21. f4 (21. Qc2 Kg8
22. f4 exf4 23. Rxf4 Qe5) 21... e4 22. Rd4 Re8 $13) (20... Kd6 21. f4 $36) 21.
Qc2 $1 (21. f4 exf4 22. Qc2 $13 (22. Rxf4 Qe5 23. Rdf1 Rf6)) 21... a4 (21... g6
22. f4 Bc8 23. Qb2 $1 exf4 24. Qd4 Qxd4 25. exd4 Rc7 26. c5 $16) (21... Qg6 22.
Qb2) 22. f4 (22. Qxh7 a3 23. f4 $1) 22... b3 (22... exf4 23. Qxh7 Qe5 24. exf4
Qe3+ 25. Kh1 $16) (22... g6 23. Qb2 $1 (23. Qe4 Kd6 24. fxe5+ Qxe5 25. Qxe5+
Kxe5 26. Rxf7 Bc8 $13) 23... b3 24. fxe5 Qg5 25. Qd4 $18) 23. Qe4 $1 (23. Qxh7
a3 $13) (23. Qc3 e4 $1 (23... exf4 24. d6+ (24. Qb4 Qb6 25. d6+ Kd8 26. Qc3 Rg5
) 24... Rxd6 25. Qb4 Rc7 26. Rxf4) 24. Qb4 (24. d6+ Rxd6 25. Qb4 Rc7) 24... Qb6
25. d6+ Kd8 26. Qc3 f6 $13) 23... Kd6 (23... Kf8 24. fxe5 Qg5 25. e6 $18) 24.
Qxh7 e4 (24... b2 25. fxe5+ Qxe5 26. Rxf7 Qxe3+ 27. Kh1 $18) (24... Kc7 $5 {
Bohm} 25. Qe4 (25. fxe5 Qxe5 26. Rxf7+ Kb8 27. Qd3 $1 $16 Rd6 (27... Rb6 28. d6
) (27... b2 $140 28. Qa3) 28. Qd2) 25... Kd6 26. fxe5+ Qxe5 27. Qd3 f6 28. Rf5
Qe7 29. e4 $18) (24... exf4 25. Rxf4 Qe5 (25... Qe7 26. Qxg7 Qxe3+ 27. Rf2 $18)
26. Rxf7 Qxe3+ 27. Kh1 $18) (24... a3 {Mowsziszian,K} 25. fxe5+ Qxe5 26. Rxf7
Qxe3+ 27. Kh1 (27. Kf1 $18) 27... Rc8 28. Qxg7) 25. Qxe4 a3 {Without kings on
the board black would have nothing to fear, but Kd6 is way too exposed.} 26.
Qd3 (26. Qe5+ $6 Qxe5 27. fxe5+ Kxe5 28. Rxf7 Bc8 $13) 26... b2 (26... a2 {
Mowsziszian,K} 27. Qxb3 a1=Q 28. Rxa1 Rxa1 29. Qxb7 Rxf1+ 30. Kxf1 $18) 27. Qb3
$1 (27. e4 Kc7 (27... Kd7 28. e5 Qb6 29. Bg4+ (29. Kh1 a2 30. Qh3+ (30. Bg4+
Kc7 31. d6+ Kb8 32. d7 Qd8 33. Qd4 $13) (30. e6+ Ke7) 30... Kc7 31. d6+ Kb8 32.
d7 Qd8) 29... Kc7 30. d6+ Kb8 (30... Kd8 31. Kh1 a2 32. Qh7 Qc6 33. Qh8+ (33.
Bf3 Qe8 34. Bxb7 a1=Q 35. Bxa6 Qxa6 36. d7 Qf8 $13) 33... Qe8 34. Qh4+ f6 35.
exf6 g5 36. fxg5 a1=Q 37. f7 $13) 31. Qd4) 28. e5 (28. Qe3 Qb6 (28... Raa5 29.
e5 $18) 29. d6+ Kd8 30. Kh1 a2 31. Qh3 a1=Q) 28... Qb6 29. d6+ Kd8 (29... Kb8
30. Qd4 Rc8 (30... a2 31. d7 Qd8 32. Qxb2) 31. c5 Qc6 $13) 30. Kh1 a2 31. Qh7
Qc6 $13) 27... Bc8 (27... Kc7 28. d6+ Rxd6 29. Qxa3 $18 (29. Rxd6 Qxd6 30. Qxa3
Bxg2 31. Rb1 $18)) (27... a2 28. Qxb7 a1=Q 29. e4 $18 (29. e4 $1 b1=Q 30. e5+
$18)) (27... Qe7 {Mowsziszian,K} 28. e4 f6 29. e5+ $18) 28. Qb8+ Kd7 (28... Rc7
29. c5+ Kd7 30. c6+ $18) (28... Ke7 29. d6+ Rxd6 30. Qa7+ $18) 29. Bg4+ Kd8 30.
d6 a2 (30... b1=Q 31. Rxb1 (31. d7 $1 $18) 31... Rxd6 32. Rbd1 $18) 31. d7 1-0

[Event "FIDE World Cup 5-8"]
[Site "Khanty-Mansiysk"]
[Date "2005.12.12"]
[Round "6.1"]
[White "Gurevich, Mikhail"]
[Black "Gelfand, Boris"]
[Result "0-1"]
[WhiteElo "2652"]
[BlackElo "2717"]
[Annotator "Gelfand,B"]
[PlyCount "72"]
[EventDate "2005.11.27"]
[EventType "k.o."]
[EventRounds "7"]
[EventCountry "RUS"]
[SourceTitle "CBM 111"]
[Source "ChessBase"]
[SourceDate "2006.04.04"]
[SourceVersion "1"]
[SourceVersionDate "2006.04.04"]
[SourceQuality "1"]

1. d4 {Dautov} d5 2. c4 c6 3. Nc3 e6 4. e4 Bb4 5. cxd5 (5. Bd2 $5 {Dautov} dxc4
6. Bxc4 Qxd4 7. Qe2 b5 8. Bb3 Nf6 9. Nf3 Qb6 10. O-O Nbd7 11. e5 Bxc3 12. bxc3
Nd5 13. c4 bxc4 14. Bxc4 a5 15. Rab1 Qa7 16. Qe4 Ba6 17. Bxa6 Qxa6 18. Qg4 Kf8
19. Rfc1 $14 {Comas Fabrego,L (2516)-Godena,M (2485)/Mondariz 2000}) 5... exd5
6. exd5 {Dautov: 'Weiß möchte eine symmetrische Stellung mit einem Mehrtempo
spielen, prinzipieller ist 6.e5.'} cxd5 7. Bd3 Nc6 8. Nge2 Nge7 (8... Bg4 {
Dautov} 9. O-O Nge7 10. Qb3 Qd7 11. Nf4 Rd8 12. Na4 O-O 13. Nc5 Bxc5 14. dxc5
Rfe8 $11 {Kouatly,B (2495)-Bacrot,E (2555)/Meribel 1998}) 9. Qc2 (9. O-O {
Dautov} O-O (9... Bf5 10. Bxf5 Nxf5 11. Nf4 O-O 12. Ncxd5 Bd6 $11 {Abrashkin,B
(2390)-Palecha,A (2421)/Serpukhov 2003}) 10. Nf4 Qd6 11. Be3 Bxc3 12. bxc3 Rd8
13. Qb1 g6 14. Rd1 b6 15. c4 dxc4 16. Bxc4 Na5 17. Be2 Bb7 $11 {Bunzmann,D 
(2509)-Vallejo Pons,F (2630)/Germany 2002}) 9... Bd6 10. a3 h6 11. Be3 O-O 12.
O-O Be6 13. f4 (13. Nb5 $6 Rc8 14. Nxd6 Qxd6 15. Nc3 Qd7) 13... f5 $6 {'!'
Dautov. Dautov: 'Selbstverständlich muß Schwarz die Stellung schließen, denn
f4-f5 zuzulassen wäre zu gefährlich.'} (13... g6 $5 14. f5 $140 (14. Ng3 f5 $11
) (14. Rad1 $5) 14... Nxf5 15. Bxf5 Bxf5 16. Rxf5 gxf5 17. Qxf5 Qh4 $1 18. g3
Ne7 $8 19. Qf3 (19. Qd7 Qf6) 19... Qh3 20. Nxd5 Nxd5 21. Qxd5 Rad8 $13) 14. Kh1
Nc8 {'!' Dautov. Dautov: 'Gelfand führt vorsorglich seinen Springer Richtung
d6.'} (14... Rc8 $5 15. Ng1 Na5 16. Nf3 Nc4 17. Rae1 $14) ({Schlechter war} 
14... Kh8 $2 {Dautov} 15. Ng1 Ng8 16. Nf3 $16 {, und Schwarz hat nicht den Zug
16...Nf6.}) 15. g4 $5 {'!' Dautov. Dautov: 'Energisch gespielt. Die weißen
Figuren stehen besser, deswegen ist dieser Gewinnversuch durchaus legitim. Die
simple Überführung des Springers nach e5 versprach Weiß keinen Vorteil.'} (15.
Ng1 Be7 16. Nf3 (16. g4 Nd6 17. Rae1 (17. Qg2 fxg4 18. Nxd5 Nf5 $17) 17... Bh4)
16... Nd6 17. Ne5 Rc8 $11) (15. Na4 $5 $14) 15... fxg4 16. f5 Qh4 (16... Bf7
17. f6 $16) 17. Nf4 Bf7 18. f6 $1 {Dautov: 'Weiter im Opferstil!'} (18. Nfxd5
N8e7 (18... Bxd5+ 19. Nxd5 N8e7 20. Qg2 $13) 19. Nxe7+ (19. Nf4 Bxf4 20. Rxf4
Nd5 21. Nxd5 Bxd5+ 22. Be4 Ne7 $15) 19... Nxe7 20. Bf4 Bxf4 21. Rxf4 Nd5 $11) (
18. Qf2 Qxf2 19. Rxf2 Nb6) (18. Ne6 Bxe6 19. fxe6 Nb6 (19... N8e7 20. Nb5 (20.
Rf7 Qh3 21. Raf1 Rxf7 22. exf7+ Kf8) 20... Bg3 21. Qg2 Rxf1+ 22. Rxf1 Bb8 $13)
20. Nb5 Be7 21. Bf4 Qh3 $132) (18. Bf2 Qg5 19. Nfxd5 N8e7 20. Nxe7+ Bxe7 $13) (
18. Ncxd5 N8e7 19. Nxe7+ Nxe7 20. Rae1 (20. Qg2 {Dautov} Bb3 $15) 20... Rad8
$15) (18. Nce2 $6 Nb6 19. f6 $140 Qxf6 20. Ng6 Qe6 21. Nxf8 Qxe3 22. Rxf7 (22.
Bh7+ Kxf8 23. Qg6 (23. Rxf7+ Kxf7 24. Qg6+ Ke7) 23... Qe4+ 24. Qxe4 dxe4 25.
Bg6 Nd8 26. Rxf7+ Nxf7 27. Rf1 $19) 22... Kxf7 23. Rf1+ Ke7 $19) 18... gxf6 (
18... Bxf4 19. fxg7 Kxg7 20. Rxf4 $16) 19. Bf5 $2 {Dautov: 'Aber hier hat es
Mischa überzogen. Es war an der Zeit, den Bauern d5 zu nehmen, wonach Weiß
zumindest eine ausreichende Kompensation für den Bauern besäße.'} (19. Nfxd5 $1
Bxd5+ (19... Kh8 {Dautov} 20. Qg2 $44) 20. Nxd5 N8e7 21. Bf4 $1 (21. Nxe7+ Nxe7
22. Bf4 Bxf4 23. Rxf4 {'©' Dautov.} f5 $11) 21... Bxf4 (21... Nxd5 22. Bxd6
Rfd8 23. Bg3 Qg5 24. Be4) 22. Nxf4 $36) (19. Nce2 $5 N8e7 20. Ng3 $44) 19...
N8e7 $1 (19... h5 20. Nce2 $44) 20. Bxg4 Kh8 {Dautov: 'Hier dagegen hat Weiß
nicht genug für seinen Bauern. Die gewünschte Überführung Rf3-h3 klappt nicht
aus taktischen Gründen.'} 21. Nb5 (21. Rg1 $2 {Dautov} Bxf4 22. Bxf4 h5 $19) (
21. Be6 $2 {Dautov} Nxd4 $1 $17) 21... Bb8 22. Be6 (22. Bf5 Rg8 (22... Nxf5 23.
Qxf5) 23. Bd3 Rg4 24. Qf2 a6 25. Qxh4 Rxh4 26. Nc3 Bd6 27. Nce2 $132) 22... a6
23. Rf3 $2 ({Dautov: Am zähesten war die Variante} 23. Bxf7 Rxf7 24. Nc3 (24.
Rf3 axb5 25. Rh3 Qg5 26. Rg1 Bxf4 27. Rxg5 fxg5 28. Bxf4 gxf4 29. Rxh6+ Kg7 30.
Qh7+ Kf8 $17) 24... Nxd4 25. Qa4 Ndc6 (25... Rg7 {'!' Dautov.} 26. Qxd4 Nf5 27.
Ng6+ Rxg6 28. Qxh4 Nxh4 29. Rxf6 $1 $11 (29. Nxd5 {Dautov} Be5 $17)) 26. Ncxd5
Be5 $15) (23. Nc3 Nxd4 24. Bxd4 Bxf4 25. Qf2 Qxf2 26. Rxf2 Bg5 $17) 23... Bxe6
24. Nxe6 Qg4 $19 25. Qf2 Qxe6 26. Bxh6 Rg8 27. Qh4 Rg6 (27... Qg4 $2 28. Bg7+)
28. Bf8+ Kg8 29. Re1 Qg4 30. Qxg4 Rxg4 31. Bxe7 axb5 32. Bxf6 Bd6 33. Rh3 Kf7
34. Be5 Bxe5 35. dxe5 Rag8 36. e6+ Ke7 0-1

[Event "ISR-chT"]
[Site "Israel"]
[Date "2002.03.02"]
[Round "5"]
[White "Gershon, Alik"]
[Black "Berkovich, Mark A"]
[Result "1-0"]
[WhiteElo "2558"]
[BlackElo "2421"]
[Annotator "Gershon,A"]
[PlyCount "55"]
[EventDate "2002.01.10"]
[EventType "team"]
[EventRounds "11"]
[EventCountry "ISR"]
[SourceTitle "CBM 087"]
[Source "ChessBase"]
[SourceDate "2002.03.21"]
[SourceVersion "1"]
[SourceVersionDate "2002.03.21"]
[SourceQuality "1"]

1. d4 d5 2. c4 e6 3. Nc3 Bb4 4. cxd5 exd5 5. Bf4 Nf6 6. e3 c5 (6... c6 7. Bd3
Bg4 8. Nge2 O-O 9. Qb3 Qe7 10. Ng3 Re8 11. h3 Be6 12. a3 Ba5 13. Qc2 Nbd7 14.
b4 Bb6 15. O-O Nf8 16. Na4 $14 {0-1 Illescas Cordoba,M-Campos Moreno,J/
Barcelona 1994/EXT 2002 (34)}) 7. Bd3 cxd4 8. exd4 Nc6 9. Nge2 Bg4 10. f3 Bh5
11. O-O O-O 12. a3 Be7 13. b4 (13. Rc1 Rc8 14. Na4 Re8 15. b4 Bg6 16. Nc5 b6
17. Na6 Bxd3 18. Qxd3 Qd7 19. Nc3 Bd6 20. Bxd6 Qxd6 21. Nb5 $14) 13... Bg6 14.
Rc1 Re8 15. g4 $5 (15. Na4 $5 {Was another possibility}) 15... Rc8 16. Kh1 Bd6
17. Bg5 Be7 18. Nf4 (18. Bh4 $142 {[%cal Gh4g3,Gc3a4,Ga4c5] black has no
useful moves, therefore, a simple and slow improvment of the position should
have been preferred over concrete variations at this point.}) 18... Qd6 19.
Bxg6 $2 (19. b5 Na5 20. Bxg6 {- see the game}) 19... hxg6 20. b5 Na5 $2 (20...
Ne4 21. Bxe7 Nxc3 (21... Qxf4 22. fxe4) (21... Nxe7 22. fxe4 $18) 22. Bxd6 Nxd1
23. bxc6) ({both players missed the very strong:} 20... Nh7 $1 {Berkovich, M}
21. Bxe7 (21. bxc6 Bxg5 22. cxb7 Rb8 23. Nfxd5 Bxc1 24. Qxc1 Rxb7 $19) 21...
Nxe7 {[%csl Ra3,Rf4]} 22. Qd2 Qxa3 {[%csl Rh1] and black has the advantage})
21. Bxf6 Bxf6 22. Nfxd5 Nc4 (22... Bg5 23. f4 Bd8 24. Qf3 Nc4 25. Ne4 Qxa3 26.
Rc3 $36) (22... Bd8 23. Ne4 Rxc1 24. Nxd6 Rxd1 25. Rxd1 Re6 26. Ne4 $16) (22...
Rc4 $5 23. Re1 Rd8 (23... Rxe1+ $2 24. Qxe1 Bxd4 25. Qe8+ Kh7 (25... Qf8 26.
Ne7+) 26. Ne7 Rxc3 27. Rf1 $1 Rc8 $8 (27... Rc2 28. Qg8+ Kh6 29. f4 $16) (27...
Qf4 28. g5 $1 Qxg5 29. Qg8+ Kh6 30. Qh8#) 28. Nxc8 $18) (23... Rec8 24. Nxf6+
gxf6 (24... Qxf6 25. Nd5 $18 {[%cal Gd5e7]}) 25. Ne4 Qf4 26. Rxc4 Nxc4 27. Qd3
Nxa3 28. Qxa3 Rc2 29. Ng3 Qd2 30. Re8+ Kh7 (30... Kg7 31. Qf8+ Kh7 32. Qh8#)
31. Rh8+ Kxh8 32. Qf8+ $11)) 23. Nxf6+ Qxf6 24. Ne4 Qf4 25. Rc3 $1 Ne3 26. Qd2
Rxe4 $4 (26... Rxc3 27. Nxc3 g5 28. Rf2 {White has the better position it
seems but black always has good drawing chances thanks to white's open K} Qd6 (
28... Rc8 29. Ne2 $18) 29. a4 (29. Re2 Qf4 30. Rf2) (29. d5 Qxa3 (29... Qe5 30.
a4) 30. Re2 Qa1+ 31. Re1 Nc4 32. Rxa1 Nxd2 33. Rxa7 Re3 34. d6 Rd3 35. Rxb7 $16
) 29... Nc4 30. Qd1) 27. Rxc8+ Kh7 28. Qf2 $1 (28. Qf2 Nxf1 (28... Rxd4 29.
Qh4+ Qh6 30. Qxh6+ gxh6 31. Re1 Nd5 32. Rd8) (28... Nxg4 29. fxg4) 29. Qh4+ Qh6
30. Qxh6+ gxh6 31. fxe4) 1-0

[Event "Sochi"]
[Site "Sochi"]
[Date "1993.??.??"]
[Round "?"]
[White "Aseev, Konstantin N"]
[Black "Tregubov, Pavel V"]
[Result "1-0"]
[WhiteElo "2490"]
[BlackElo "2475"]
[Annotator "Glatman,V"]
[PlyCount "51"]
[EventDate "1993.09.??"]
[EventType "tourn"]
[EventRounds "13"]
[EventCountry "RUS"]
[EventCategory "10"]
[SourceTitle "CBM 038"]
[Source "ChessBase"]
[SourceDate "1994.02.01"]
[SourceVersion "1"]
[SourceVersionDate "1994.02.01"]
[SourceQuality "1"]

1. d4 d5 2. c4 c6 3. Nf3 e6 4. Nc3 dxc4 5. a4 Bb4 6. e3 b5 7. Bd2 a5 8. axb5
Bxc3 9. Bxc3 cxb5 10. b3 Bb7 11. bxc4 b4 12. Bb2 Nf6 13. Bd3 (13. c5 $146 O-O
14. Ne5 Qc7 15. Qa4 Rd8 16. Rc1 Nc6 17. Nc4 Ne7 18. Nb6 Ra7 19. f3 Nfd5 $17 {
Korchnoi,V-Lobron,E Biel 1993/}) 13... Nbd7 14. O-O Qc7 (14... Ra7 $6 15. Re1
Qa8 16. e4 $1 a4 $6 17. d5 Nc5 18. Bd4 Nfd7 19. Ne5 $1 $16 {Georgiev,
Kir-Antunes,A Manila 1992/}) 15. Nd2 $5 (15. Qc2 O-O 16. c5 (16. e4 e5 17. Rfe1
(17. c5 exd4 18. Bxd4 Ng4 $1 19. Bb5 Nde5 20. Nxe5 Nxe5 21. Qb2 f6 22. Bxe5
fxe5 23. c6 Bc8 24. Rfc1 Qb6 $13 {Zueger,B-Klinger,J 1991 Inf 53/387/}) 17...
Rfe8 18. c5 exd4 19. Bxd4 h6 $1 20. e5 (20. h3 Bc6 21. e5 Nd5 22. e6 Rxe6 23.
Rxe6 fxe6 24. Bh7+ Kh8 25. Bxg7+ Kxg7 26. Qg6+ Kh8 27. Qxh6 Nf8 $17 {Neverov,
V-Kramnik,V SSSR 1991 Inf 53/387/}) 20... Nd5 21. e6 Rxe6 22. Rxe6 fxe6 23. Re1
Nf4 24. Be4 Rc8 25. g3 Nh3+ $8 26. Kf1 e5 27. Nxe5 Nxe5 28. Bh7+ Kh8 29. Bxe5
Qf7 $1 30. Bf5 Ng5 31. Bxc8 Bxc8 $44 {Magerramov,E-Scherbakov,R Moscow 1992/})
16... h6 17. e4 Bc6 $1 (17... e5 18. dxe5 Nh5 19. Rfc1 Rfc8 20. Qd2 Nxc5 21.
Bd4 Qe7 22. Rxc5 Rxc5 23. g4 Qd7 $13 {Itkis,B-Matlak,M Beskidy 1991/}) 18. Rfb1
a4 19. Bc1 $6 {Van Wely,L-Serper,G Helsinki 1992 Inf 55/403/} Qb7 $1 $17) (15.
Re1 O-O 16. h3 (16. c5 Be4 (16... Ne4 17. Qc2 f5 18. Nd2 Nxd2 19. Qxd2 Nf6 20.
f3 Bd5 21. Bb5 $16 {Brigden,M-Amoviel,M corr 1988/}) 17. Bb5 Rfb8 18. Ba4 Rd8
19. Nd2 Bc6 20. Qe2 Bxa4 21. Rxa4 e5 22. Nb3 $16 {Malaniuk,V-Raicevic,M
Kecskemet 1989/}) 16... Rfe8 17. e4 e5 18. dxe5 Nh5 {1/2:1/2 Scherbakov,
R-Sorokin,M Cheliabinsk 1990/}) 15... e5 $1 (15... O-O $6 16. f4 a4 17. Rc1
Rfd8 18. Qe2 Nf8 19. e4 b3 20. Nb1 Qb6 21. e5 $16 {Vilela,J-Ruban,V Santa
Clara 1991/}) 16. Re1 O-O 17. Nf1 $5 $146 Rfd8 (17... Rfe8 18. Ng3 e4 (18...
Bc6 19. Qd2 e4 20. Bf1 Rab8 21. d5 Ba8 22. Nf5 $16) (18... exd4 $5 19. exd4
Rxe1+ 20. Qxe1 Qf4 $13) 19. Be2 Rad8 20. f4 $1 $14) 18. f3 (18. Ng3 $5 e4 19.
Be2 Ne5 20. Qc2 $14) 18... Bc6 $6 (18... e4 $5 19. Be2 (19. fxe4 Bxe4 20. Be2
Nc5 $15) 19... Ne5 $13) 19. d5 Bb7 20. Ng3 Ne8 21. f4 $1 h6 (21... g6 22. Qf3
$16) 22. Nf5 Nef6 23. Qf3 e4 (23... Kf8 24. Qg3 Ne8 25. fxe5 $18) 24. Qg3 Nh5 (
24... g6 25. Nxh6+ Kg7 26. Nf5+ Kf8 27. d6 $1 Qc6 28. Qh4 gxf5 29. Qh8+ $18)
25. Qg4 exd3 26. Bxg7 1-0

[Event "Porto San Giorgio op 11th"]
[Site "Porto San Giorgio"]
[Date "1999.08.25"]
[Round "6"]
[White "Glek, Igor Vladimirovich"]
[Black "Bykhovsky, Anatoly A"]
[Result "1-0"]
[WhiteElo "2536"]
[BlackElo "2398"]
[Annotator "Glek,I"]
[PlyCount "39"]
[EventDate "1999.08.20"]
[EventType "swiss"]
[EventRounds "9"]
[EventCountry "ITA"]
[SourceTitle "EXT 2000"]
[Source "ChessBase"]
[SourceDate "1999.11.16"]
[SourceVersion "1"]
[SourceVersionDate "1999.11.16"]
[SourceQuality "1"]

1. d4 d5 2. c4 e6 3. Nc3 c6 4. Nf3 dxc4 5. Bg5 $5 f6 (5... Nf6) (5... Be7) (
5... Qb6) (5... Qc7) 6. Bd2 c5 $6 7. e3 Nc6 8. Bxc4 $5 (8. dxc5 $14) 8... cxd4
9. exd4 Nxd4 10. O-O (10. Be3) (10. Nxd4 Qxd4 11. Qe2) 10... Nxf3+ 11. Qxf3
Qxd2 12. Rad1 (12. Rfe1 $5) 12... Qg5 13. Rfe1 (13. Bxe6 Bxe6 14. Qxb7 Rd8 15.
Rxd8+ Kxd8 16. Rd1+ Ke8 17. Nb5 Qe5 $13 (17... Qc5)) 13... Be7 14. Nb5 (14.
Bxe6 Bxe6 15. Rxe6 Rd8 16. Rde1 Rd7) 14... Qc5 15. Rc1 Qb6 $2 (15... Kf8 16.
Bxe6 Qxb5 17. Bxc8 $40) 16. Nc7+ Qxc7 17. Bb5+ Kd8 18. Red1+ Bd6 19. Qa3 $1 Bd7
20. Rxc7 1-0